000 00999nam a2200217 i 4500
001 114472
003 ES-MaACL
005 20230906190150.0
007 t|
008 070302s1921 sp ||||1| spa d
111 2 _aAsamblea del Colegio de Médicos de la Provincia de Gerona (
_n24ª.
_d1921.
_cOlot)
_923
245 1 0 _aXXIV Asamblea Anual, celebrada en 21 de septiembre de 1921 en la ciudad de Olot /
_cColegio de Médicos de la Provincia de Gerona.
260 _aGerona :
_bImprenta y Librería de Antonio Franquet,
_c1921.
300 _a33 p. ;
_c25 cm.
505 8 _aContiene: Del diagnóstico precoz de las indicaciones quirúrgicas, en las crisis abdominales agudas / por Pedro Pujol y Capdevila
650 1 4 _aAbdomen agudo.
_99561
700 1 _aPujol y Capdevila, Pedro.
_994357
710 2 _aColegio de Médicos de la Provincia de Gerona.
_92909
740 0 _aDel diagnóstico precoz de las indicaciones quirúrgicas, en las crisis abdominales agudas.
852 _aES-MaACL
_j1613-F-7
999 _c114472
_d114472